00000000nam##2200000za#4500
0019.665455
003CaOODSP
00520210615122236
007ta
008150407|2004||||xxc|||||     f|0| 0 eng|d
020 |a0-662-68140-1
040 |aCaOODSP|beng
041 |aeng
041 |afre
043 |an-cn---
0861 |aSW21-111/2004
1101 |aCanada.|bStatus of Women Canada. |bPolicy Research.
24510|aEngendering Canadian trade policy : |ba case study of labour mobility in trade agreements / |cby Chantal Blouin ... [et al.]
260 |aOttawa - Ontario : |bStatus of Women Canada. |c2004.
300 |aEnglish text, x, 119, 14p. : |bgraphs, tables ; |c28 cm.
504 |aBibliography.
5203 |aThis study examines Canada's commitments under labour mobility agreements associated with the North American Free Trade Agreement (Chapter 16) and the General Agreement on Trade in Services (mode 4) from a gender equality perspective.
563 |aSoftcover
590 |a04-50|b2004-12-10
69007|aGender equality|2gcpds
69007|aLabour mobility|2gcpds
69007|aTrade agreements|2gcpds
69007|aTrade policy|2gcpds
7201 |aBlouin, Chantal
7760#|tIntégration des considérations liées à l'égalité entre les sexes dans la politique commerciale du Canada : |w(CaOODSP)9.631411
7760#|tEngendering Canadian trade policy : |w(CaOODSP)9.686947
792 |tIntégration des considérations liées à l'égalité entre les sexes dans la politique commerciale du Canada : |efre|w(CaOODSP)9.665456